00361nam a2200109Ia 4500008004100000020001800041100001900059245009300078260002200171650001700193856004100210171212s9999 xx 000 0 und d a9789532227505 aFreeman, Derek cFreeman, DerekaDilthey’s Dream (Croatian version)bEssays on human nature and culture bANU E Pressc2016 aAnthropology uhttp://jstor.org/stable/j.ctt1rrd7pt